000 00289nam a2200097Ia 4500
008 241105s9999 xx 000 0 und d
041 _aeng
100 _aBapat Tejal
245 _aLandscape Proposal For Pedestrian Friendly Neighbourhood In Pune
260 _bM Arch Landscape BNCA, Pune
_c2015
999 _c361095
_d361095